000 00875nam a2200265 a 4500
001 BRL_1016
005 20190320211009.0
008 311013s1973----mx-#######---#000-0#spa-#
041 _aspa
044 _amx
050 4 _aLA421.8
_b.S26 1973
100 1 _aSantiago Sierra, Augusto
_925585
245 1 0 _aLas Misiones Culturales, 1923-1973
_cAugusto Santiago Sierra.
260 _aMéxico
_bSecretaría de Educación Pública
_c1973
300 _a188 p.
_c17 cm.
440 0 _aSepsetentas
_922717
500 _aAu1114
504 _aBibliografía: p. 187-188
650 1 4 _aEducación
_xHistoria
_ySiglo XX
_zMéxico
_925586
650 1 4 _aEducación rural
_xHistoria
_ySiglo XX
_zMéxico
_925587
650 1 4 _aFormación profesional de maestros
_xHistoria
_ySiglo XX
_zMéxico
_925588
650 1 4 _aMaestros
_xHistoria
_ySiglo XX
_zMéxico
_925589
902 _aGRL
942 _2lcc
_cB
999 _c9828
_d9828